Marketing : (Record no. 147678)
[ view plain ]
| 000 -LEADER | |
|---|---|
| fixed length control field | 00785nam a2200253 a 4500 |
| 008 - FIXED-LENGTH DATA ELEMENTS--GENERAL INFORMATION | |
| fixed length control field | |
| 020 ## - INTERNATIONAL STANDARD BOOK NUMBER | |
| International Standard Book Number | 0340655437 (pbk.) |
| 049 ## - LOCAL HOLDINGS (OCLC) | |
| Holding library | MAIN |
| 090 ## - LOCALLY ASSIGNED LC-TYPE CALL NUMBER (OCLC); LOCAL CALL NUMBER (RLIN) | |
| Classification number (OCLC) (R) ; Classification number, CALL (RLIN) (NR) | HF5415 fSUT |
| 003 - CONTROL NUMBER IDENTIFIER | |
| control field | |
| 005 - DATE AND TIME OF LATEST TRANSACTION | |
| control field | 20230123133402.0 |
| 040 ## - CATALOGING SOURCE | |
| Transcribing agency | NUST |
| 100 1# - MAIN ENTRY--PERSONAL NAME | |
| Personal name | Sutherland, Jon |
| 245 10 - TITLE STATEMENT | |
| Title | Marketing : |
| Remainder of title | advanced business, GNVQ / |
| Statement of responsibility, etc. | by Jon Sutherland and Diane Canwell ; with Stuart Merrills. |
| 260 ## - PUBLICATION, DISTRIBUTION, ETC. | |
| Place of publication, distribution, etc. | London : |
| Name of publisher, distributor, etc. | Hodder and Stoughton, |
| Date of publication, distribution, etc. | 1996. |
| 300 ## - PHYSICAL DESCRIPTION | |
| Extent | 114 p. : |
| Other physical details | ill. ; |
| Dimensions | 27 cm. |
| 500 ## - GENERAL NOTE | |
| General note | Includes index. |
| 650 #1 - SUBJECT ADDED ENTRY--TOPICAL TERM | |
| Topical term or geographic name entry element | Marketing |
| General subdivision | Study and teaching. |
| 700 ## - ADDED ENTRY--PERSONAL NAME | |
| Personal name | Merrills, Stuart |
| 700 ## - ADDED ENTRY--PERSONAL NAME | |
| Personal name | Canwell, Diane |
| 740 ## - ADDED ENTRY--UNCONTROLLED RELATED/ANALYTICAL TITLE | |
| Uncontrolled related/analytical title | Advanced business, GNVQ : |
| -- | Marketing. |
| 907 ## - LOCAL DATA ELEMENT G, LDG (RLIN) | |
| a | .b10086456 |
| b | 09-02-07 |
| c | 20-08-03 |
| 942 ## - ADDED ENTRY ELEMENTS (KOHA) | |
| Koha item type | Ordinary Loan Books |
| Call number prefix | HF5415 fSUT |
No items available.